Statistics for Countries Closest to Iraq - 15 Second Sprint

Click here to take the quiz!

General Stats

  • This quiz has been taken 41 times
  • The average score is 6 of 20

Answer Stats

kmcountrymiles% Correct
0Iran0
94%
0Kuwait0
63%
0Syria0
57%
0Saudi Arabia0
51%
0Turkey0
49%
0Jordan0
43%
220Lebanon137
40%
292Israel181
37%
492Qatar306
31%
686United Arab
Emirates
426
26%
448Bahrain378
17%
222Armenia138
14%
419Georgia260
14%
211Azerbaijan131
11%
468Egypt291
11%
510Russia317
11%
463Cyprus288
6%
834Kazakhstan518
0%
321Palestine199
0%
697Turkmenistan433
0%

Score Distribution

Percentile by Number Answered

Percent of People with Each Score

Your Score History

You have not taken this quiz